ARRUPE JESUIT UNIVERSITY

CORONAVIRUS -STOP THE SPREAD - CLEAN,DISINFECT,COVER

Charged with grandeur : (Record no. 120864)

MARC details
000 -LEADER
fixed length control field 01242cam a2200313 a 4500
001 - CONTROL NUMBER
control field 16818315
003 - CONTROL NUMBER IDENTIFIER
control field ARRUPE
005 - DATE AND TIME OF LATEST TRANSACTION
control field 20141204020005.0
008 - FIXED-LENGTH DATA ELEMENTS--GENERAL INFORMATION
fixed length control field 110609s2011 ilu b 000 0 eng
010 ## - LIBRARY OF CONGRESS CONTROL NUMBER
LC control number 2011023863
020 ## - INTERNATIONAL STANDARD BOOK NUMBER
International Standard Book Number 9780829436136 (pbk.)
020 ## - INTERNATIONAL STANDARD BOOK NUMBER
International Standard Book Number 0829436138 (pbk.)
040 ## - CATALOGING SOURCE
Original cataloging agency DLC
Transcribing agency DLC
Modifying agency DLC
042 ## - AUTHENTICATION CODE
Authentication code pcc
050 00 - LIBRARY OF CONGRESS CALL NUMBER
Classification number BX2179.L8
Item number C43 2011
300 ## - PHYSICAL DESCRIPTION
Dimensions 18 cm.
245 00 - TITLE STATEMENT
Title Charged with grandeur :
Remainder of title a book of Ignatian inspiration /
Statement of responsibility, etc edited by Jim Manney.
260 ## - PUBLICATION, DISTRIBUTION, ETC. (IMPRINT)
Place of publication, distribution, etc Chicago :
Name of publisher, distributor, etc Loyola Press,
Date of publication, distribution, etc c2011.
300 ## - PHYSICAL DESCRIPTION
Extent viii, 191p. ;
504 ## - BIBLIOGRAPHY, ETC. NOTE
Bibliography, etc Includes bibliographical references (p. 175-191).
600 00 - SUBJECT ADDED ENTRY--PERSONAL NAME
Personal name Ignatius,
Titles and other words associated with a name of Loyola, Saint,
Dates associated with a name 1491-1556.
Title of a work Exercitia spiritualia.
9 (RLIN) 11357
650 #0 - SUBJECT ADDED ENTRY--TOPICAL TERM
Topical term or geographic name as entry element Spirituality
General subdivision Catholic Church.
9 (RLIN) 11358
650 #0 - SUBJECT ADDED ENTRY--TOPICAL TERM
Topical term or geographic name as entry element Spiritual exercises.
9 (RLIN) 11359
700 1# - ADDED ENTRY--PERSONAL NAME
Personal name Manney, Jim.
9 (RLIN) 11360
856 42 - ELECTRONIC LOCATION AND ACCESS
Materials specified Contributor biographical information
Uniform Resource Identifier <a href="http://www.loc.gov/catdir/enhancements/fy1113/2011023863-b.html">http://www.loc.gov/catdir/enhancements/fy1113/2011023863-b.html</a>
856 42 - ELECTRONIC LOCATION AND ACCESS
Materials specified Publisher description
Uniform Resource Identifier <a href="http://www.loc.gov/catdir/enhancements/fy1113/2011023863-d.html">http://www.loc.gov/catdir/enhancements/fy1113/2011023863-d.html</a>
906 ## - LOCAL DATA ELEMENT F, LDF (RLIN)
a 7
b cbc
c orignew
d 1
e ecip
f 20
g y-gencatlg
942 ## - ADDED ENTRY ELEMENTS (KOHA)
Source of classification or shelving scheme Library of Congress Classification
Koha item type Monograph ( Printed materials)
Koha issues (borrowed), all copies 2
Holdings
Withdrawn status Lost status Source of classification or shelving scheme Damaged status Not for loan Home library Current library Shelving location Date acquired Total Checkouts Full call number Barcode Date last seen Date checked out Copy number Price effective from Koha item type
    Library of Congress Classification     ARRUPE LIBRARY ARRUPE LIBRARY Main Collection 18/09/2014 2 BX2179.L8 C43 2011 46500000733 24/01/2017 03/12/2014 1 18/09/2014 Monograph ( Printed materials)
    Library of Congress Classification     ARRUPE LIBRARY ARRUPE LIBRARY Main Collection 18/09/2014   BX2179.L8 C43 2011 46500000409 24/01/2017   2 18/09/2014 Monograph ( Printed materials)

 

Arrupe Library. PO Box MP320 Mt Pleasant, Harare, Zimbabwe
263 242 745411|librarian@aju.ac.zw